| 000 | 00868cam a22002651 4500 | ||
|---|---|---|---|
| 999 |
_c330021 _d330021 |
||
| 001 | 6563314 | ||
| 003 | NUST | ||
| 005 | 20170606090320.0 | ||
| 008 | 720728s1961 mdu 000 0 eng | ||
| 010 | _a 61066335 | ||
| 015 | _aGB61-16439 | ||
| 020 | _a9780140441185 | ||
| 035 | _a(OCoLC)367908 | ||
| 040 |
_aDLC _cNhD _dNcU _dOCoLC _dUk _dPPLT _dDLC |
||
| 041 | 1 | _aengger | |
| 042 | _apremarc | ||
| 050 | 0 | 0 |
_aB3313.A43 _bE5 1961 |
| 082 |
_a193 _bNIE |
||
| 100 | 1 |
_aNietzsche, Friedrich Wilhelm, _d1844-1900. _91983 |
|
| 245 | 1 | 0 |
_aThus spoke Zarathustra; _ba book for everyone and no one. _cTranslated with an introd. by R.J. Hollingdale. |
| 260 |
_aBaltimore, _bPenguin Books _c1961 |
||
| 300 |
_a342 p. _c18 cm. |
||
| 440 | 4 |
_aThe Penguin classics, _vL118 _91984 |
|
| 906 |
_a7 _bcbc _coclcrpl _du _encip _f19 _gy-gencatlg |
||
| 942 |
_2ddc _cBK |
||